| 000 | 00457 a2200157 4500 | ||
|---|---|---|---|
| 020 | _a9781563344473 (pbk.) | ||
| 020 | _a1563344475 (pbk.) | ||
| 041 | _aspa | ||
| 100 | 1 | 0 | _aSarmiento, Salvador |
| 245 | _aEn la ciudad / Salvador Sarmiento. | ||
| 260 | _aCarmel, CA : Hampton-Brown Books, c1995. | ||
| 300 |
_a8 pages : color illustrations ; _c17 cm. |
||
| 440 | _a | ||
| 500 | _a"For bilingual education." | ||
| 942 | _cBK | ||
| 999 |
_c21286 _d21286 |
||